Online Catalogue and eLibrary

Sex and politics : (Record no. 2561)

MARC details
000 -LEADER
fixed length control field 00514nam a2200193Ia 4500
005 - DATE AND TIME OF LATEST TRANSACTION
control field 20240402061955.0
008 - FIXED-LENGTH DATA ELEMENTS--GENERAL INFORMATION
fixed length control field 240331s9999 xx 000 0 und d
020 ## - INTERNATIONAL STANDARD BOOK NUMBER
ISBN 0333498488
082 ## - DDC Classification
Item Number - Author Mark DUR
Class No. 328
100 ## - MAIN ENTRY--PERSONAL NAME
Personal name Durham, Martin.
245 #0 - TITLE STATEMENT
Title Sex and politics :
Remainder of title the family and morality in the thatcher years
Statement of responsibility, etc. Martin, Durham.
250 ## - EDITION STATEMENT
Edition statement 1 St.
260 ## - PUBLICATION, DISTRIBUTION, ETC.
Place of publication, distribution, etc. London :
Name of publisher, distributor, etc. Macmillan Education Ltd /
Date of publication, distribution, etc. 1991.
300 ## - PHYSICAL DESCRIPTION
Extent (e.g. Volumes, Pages etc.) ix, 209 p.,
650 ## - SUBJECT ADDED ENTRY--TOPICAL TERM
Topical term or geographic name entry element Sex
650 ## - SUBJECT ADDED ENTRY--TOPICAL TERM
Topical term or geographic name entry element Society
650 ## - SUBJECT ADDED ENTRY--TOPICAL TERM
Topical term or geographic name entry element politics
942 ## - Koha item type (Biblio)
Koha item type Books in Stacks (Lending)
Holdings
Lost status Damaged status Collection code Home library Current library Shelving location Date acquired Full call number Accession Number Item type
    Lending WERC Library WERC Library Social Science Cupboard 03/31/2024 328.4 DUR 3794 Books in Stacks (Lending)

© WERC Library